000 00983nas a2200301 4500
001 BR2011006949
003 BR-BrBNA
005 20231205120152.0
007 ta
008 230509b bl.|||p| |||| 00| 00por d
040 _aBR-BrBNA
_bpor
_cBiblioteca Nacional de Agricultura
041 _a(Pt)
072 _aQ70; F04
100 1 _aSilva, D. de F.
100 1 _aMatos, A.T. de
100 1 _aPereira, O.G.
100 1 _aCecon, P.R.
100 1 _aMoreira, D.A.
245 1 _aDisponibilidade de sódio em solo com capim tifton e aplicação de percolado de resíduo sólido
650 _aÁGUAS RESIDUAIS
650 _aPURINA
650 _aADUBO ORGÂNICO
650 _aFERTIRRIGAÇÃO
773 0 _tRevista Brasileira de Engenharia Agrícola e Ambiental (Brazil)
_xISSN 1807-1929
_g(Oct 2010), v.14(10) p. 1094-1100
_wBR2011006949
856 4 0 _uhttp://www.scielo.br/pdf/rbeaa/v14n10/v14n10a11.pdf
909 _a202311
_bLúcia
_c55
_dLúcia Elande
942 _2AGRIS
_n0
_cANA
999 _c217299
_d217299